Normal view
MARC view
- ساعي، أحمد بسام
Entry Personal Name
001 - CONTROL NUMBER
- control field: 52389
003 - CONTROL NUMBER IDENTIFIER
- control field: JO-AjAnu
005 - DATE AND TIME OF LATEST TRANSACTION
- control field: 20230606082618.0
008 - FIXED-LENGTH DATA ELEMENTS
- fixed length control field: 230606|| aca||aabn | a|a d
040 ## - CATALOGING SOURCE
- Original cataloging agency: JO-AjAnu
- Transcribing agency: JO-AjAnu
100 ## - HEADING--PERSONAL NAME
- Personal name: ساعي، أحمد بسام
670 ## - SOURCE DATA FOUND
- Source citation: Work cat.: (JO-AjAnu)26772: ساعي، أحمد بسام, author, المعجزة: إعادة قراءة الإعجاز اللغوي في القرآن الكريم: ظواهر اللغة الجديدة التي نزل بها القرآن الكريم، الجزء الاول